Diabolus / (Record no. 8778)

MARC details
000 -LEADER
fixed length control field 01323nam a22002297a 4500
001 - CONTROL NUMBER
control field 8778
003 - CONTROL NUMBER IDENTIFIER
control field FISKH
005 - DATE AND TIME OF LATEST TRANSACTION
control field 20251020112204.0
008 - FIXED-LENGTH DATA ELEMENTS--GENERAL INFORMATION
fixed length control field 251020b cb ||||| |||| 00| 0 eng d
040 ## - CATALOGING SOURCE
Original cataloging agency FISKH
Language of cataloging ger
Transcribing agency FISKH
Modifying agency FISKH
050 ## - LIBRARY OF CONGRESS CALL NUMBER
Classification number PS3552.R685434 D54
082 ## - DEWEY DECIMAL CLASSIFICATION NUMBER
Classification number 813.54
100 ## - MAIN ENTRY--PERSONAL NAME
Personal name Brown, Dan
245 ## - TITLE STATEMENT
Title Diabolus /
Statement of responsibility, etc. Dan Brown
250 ## - EDITION STATEMENT
Edition statement This edition published in 2005
260 ## - PUBLICATION, DISTRIBUTION, ETC.
Place of publication, distribution, etc. Vorbehalten :
Name of publisher, distributor, etc. Gustav Lebbe Verlag,
Date of publication, distribution, etc. 1998
300 ## - PHYSICAL DESCRIPTION
Extent 524 pages :
Dimensions 22 cm
520 ## - SUMMARY, ETC.
Summary, etc. A masterful thriller by the author of the #1 New York Times bestseller The Da Vinci Code. When the NSA's invincible code-breaking machine encounters a mysterious code it cannot break, the agency calls its head cryptographer, Susan Fletcher, a brilliant, beautiful mathematician. What she uncovers sends shock waves through the corridors of power. The NSA is being held hostage-not by guns or bombs-but by a code so complex that if released would cripple U.S. intelligence. Caught in an accelerating tempest of secrecy and lies, Fletcher battles to save the agency she believes in. Betrayed on all sides, she finds herself fighting not only for her country but also for her life, and in the end, for the life of the man she loves.
650 ## - SUBJECT ADDED ENTRY--TOPICAL TERM
Topical term or geographic name entry element Adventure
Form subdivision Computers
General subdivision Conspiracy
942 ## - ADDED ENTRY ELEMENTS (KOHA)
Source of classification or shelving scheme Dewey Decimal Classification
Koha item type Books
Suppress in OPAC No
Holdings
Withdrawn status Lost status Source of classification or shelving scheme Damaged status Not for loan Collection Home library Current library Shelving location Date acquired Total Checkouts Full call number Barcode Date last seen Copy number Price effective from Koha item type
    Dewey Decimal Classification     Fiction Footprints International School Library Network Toul Kork Campus Footprints International School Library Network Toul Kork Campus A TK Campus, 4th Floor, Room B401, Fiction Bookcases (1-6) 10/20/2025   BRO 813.54 PS3552.R685434 D54 2025-4671 10/20/2025 1 10/20/2025 Books